| 000 | 00407cam a2200157ua 4500 | ||
|---|---|---|---|
| 041 |
_aeng _h |
||
| 082 |
_a823.308 _bDOS/MY |
||
| 100 | _aDostoyevsky, Fyodor . | ||
| 245 |
_aMy Uncle`s Dream / _cFyodor Dostoyevsky. _hTextual Documents |
||
| 260 |
_aMoscow : _bForeign Language Publishing House , _c1959. |
||
| 300 | _a405 ; . | ||
| 504 | _a | ||
| 942 | _cBK | ||
| 999 |
_c1274 _d1274 |
||